000 00464nam a2200145 a 4500
001 000048945
005 20220824105235.0
008 190506s2014 dr a 000 spa d
110 1 _aMinisterio de Medio Ambiente y Recursos Naturales
_976380
245 0 _aQuinto informe Nacional de biodiversidad.
260 _aSanto Domingo :
_bMinisterio de Medio Ambiente,
_c2014.
300 _a78 p. :
_bil. ;
_c28 cm.
590 _aInventariado, 2019 / DG
999 _c48433
_d48433
040 _aDO-SdBNP